000 00264nam a2200121Ia 4500
008 190216s9999||||xx |||||||||||||| ||und||
100 _aAmeer P U
245 0 _aKodamukkile Yathrakkar
260 _bCurrent Books
300 _a192
650 _aNovel
942 _cBK
999 _c27377
_d27377